000
00305nam a2200133 4500
008
191022s ||||xo d
245
1
0
_a
MAMA mnam
250
_a
1.vydanie
260
_b
Connect Agency
_a
Bratislava
300
_a
265s.
020
_a
9788097304409
_c
23,65
041
1
_a
slo
044
_a
xo
_c
SK
999
_c
22749
_d
22749